Statistics for Elements Beginning with the Letters of JETPUNK

Click here to take the quiz!

General Stats

  • This quiz has been taken 90 times
  • The average score is 18 of 33

Answer Stats

Country % Correct
Uranium
87%
Nitrogen
78%
Krypton
77%
Titanium
72%
Thallium
72%
Neon
71%
Phosphorus
71%
Plutonium
68%
Tin
68%
Europium
65%
Potassium
65%
Erbium
65%
Einsteinium
64%
Polonium
62%
Nickel
60%
Tungsten
59%
Platinum
58%
Neptunium
56%
Palladium
54%
Niobium
53%
Thorium
51%
Nobelium
49%
Thulium
46%
Tellurium
46%
Tantalum
45%
Tennessine
41%
Promethium
36%
Terbium
35%
Praseodymium
35%
Neodymium
35%
Technetium
31%
Nihonium
31%
Protactinium
28%

Score Distribution

Percentile by Number Answered

Percent of People with Each Score

Your Score History

You have not taken this quiz